000 00616nam a2200205Ii 4500
003 JO-AjNU
008 230605s9999||||xx |||||||||||||| ||und||
040 _aJO-AjNU
_bara
_erda
_cJO-AjNU
041 _aara
050 1 4 _aQC311.I27 1988
100 3 _aشريف، ابراهيم ابراهيم,
_eauthor
_98487
245 0 0 _aالفيزياء الحرارية
250 _aط4
264 3 1 _aد.م:د.ن ، 1988
300 _a243ص
336 _atext
_btxt
_2rdacontent
337 _aunmediated
_bn
_2rdamedia
338 _avolume
_bnc
_2rdacarrier
650 4 _aحرارة -فيزياء-اسئلة واجوبة
_98488
999 _aA814
_c4382
_d4382